| 000 | 01157nam a22002537a 4500 | ||
|---|---|---|---|
| 005 | 20110810094115.0 | ||
| 008 | 110810t xxu||||| |||| 00| 0 mar d | ||
| 010 | _aMAR-21262 | ||
| 020 | _c100.00 | ||
| 035 | _aMR-13920 | ||
| 037 | _bDBAD/PUB | ||
| 040 |
_aDPL _bMR |
||
| 082 | _a891.4609 | ||
| 100 |
_932250 _aमारोतकर,विजया |
||
| 245 |
_aआस्वाद / _cविजया मारोतकर |
||
| 246 |
_aAsawad _bby Vijaya Marotkar |
||
| 260 |
_aनागपूर _bआशीर्वाद प्रकाशन _c2007 |
||
| 270 |
_aधनरे बिल्डिंग दक्षिणामूर्ती चौक,महाल, _bनागपूर _e-32 |
||
| 300 |
_a66पृ. _c21सेमी(अजिल्द) |
||
| 650 |
_aमराठी साहित्य _xसमीक्षा _933632 |
||
| 650 |
_aMarathi Literature _xCriticism _933633 |
||
| 942 |
_2ddc _cMR _h891.4609 _mमारोत |
||
| 999 |
_c55956 _d55956 |
||